Statistics for Biggest Cities in the British Commonwealth

Click here to take the quiz!

General Stats

  • This quiz has been taken 35,669 times
  • The average score is 12 of 28

Answer Stats

Population City % Correct
14.8 mLondon
98%
5.30 mSydney
87%
30.3 mDelhi
81%
25.1 mMumbai
76%
7.45 mToronto
74%
4.98 mMelbourne
71%
16.8 mKolkata
60%
13.9 mJohannesburg
60%
4.23 mCape Town
58%
4.23 mMontreal
56%
19.4 mLagos
46%
17.8 mKarachi
44%
20.2 mDhaka
42%
7.90 mSingapore
41%
11.3 mChennai
40%
5.90 mNairobi
40%
12.2 mBangalore
37%
13.0 mLahore
35%
8.90 mKuala Lumpur
35%
10.2 mHyderabad
30%
4.75 mColombo
26%
6.45 mDar es Salaam
23%
5.10 mAccra
22%
8.50 mAhmedabad
20%
6.90 mPune
14%
4.93 mChittagong
12%
4.70 mKano
10%
6.60 mSurat
8%

Score Distribution

Percentile by Number Answered

Percent of People with Each Score

Your Score History

You have not taken this quiz